|
|
|
|
| LEADER |
00000nam0a2200000 4500 |
| 001 |
316760 |
| 005 |
20231102002915.0 |
| 035 |
|
|
|a (RuTPU)RU\TPU\book\342228
|
| 090 |
|
|
|a 316760
|
| 100 |
|
|
|a 20160328d1982 k y0rusy50 ca
|
| 101 |
0 |
|
|a rus
|
| 102 |
|
|
|a RU
|
| 105 |
|
|
|a a z 001zy
|
| 200 |
1 |
|
|a Отопительно-вентиляционные системы зданий повышенной этажности
|f М. М. Грудзинский, В. И. Ливчак, М. Я. Поз
|
| 210 |
|
|
|a Москва
|c Стройиздат
|d 1982
|
| 215 |
|
|
|a 257 с.
|c ил.
|
| 225 |
1 |
|
|a Экономия топлива и электроэнергии
|
| 320 |
|
|
|a Библиогр.: с. 255-256
|
| 606 |
|
|
|a Отопительно-вентиляционные системы
|2 stltpush
|3 (RuTPU)RU\TPU\subj\47754
|9 66665
|
| 610 |
1 |
|
|a здания
|
| 610 |
1 |
|
|a постройки
|
| 610 |
1 |
|
|a отопление
|
| 610 |
1 |
|
|a вентиляция
|
| 610 |
1 |
|
|a оборудование
|
| 675 |
|
|
|a 697
|v 4
|
| 700 |
|
1 |
|a Грудзинский
|b М. М.
|g Марк Моисеевич
|
| 701 |
|
1 |
|a Ливчак
|b В. И.
|g Вадим Иосифович
|
| 701 |
|
1 |
|a Поз
|b М. Я.
|g Макс Ядидович
|
| 801 |
|
1 |
|a RU
|b 63413507
|c 20160328
|
| 801 |
|
2 |
|a RU
|b 63413507
|c 20171204
|g RCR
|
| 942 |
|
|
|c BK
|